| 000 | 00662nam a22002057a 4500 | ||
|---|---|---|---|
| 003 | 0 | ||
| 005 | 20240214133856.0 | ||
| 008 | 240214b xxu||||| |||| 00| 0 eng d | ||
| 020 | _a978-1-265-07682-5 | ||
| 050 |
_aTR 155 _b.J33 2023 |
||
| 100 | _aJacobs, Robert | ||
| 245 |
_aOperations and supply chain management : the core _cRobert Jacobs |
||
| 250 | _aSixth edition | ||
| 260 |
_aNew York _bMcGraw Hill LLC _cc2024. |
||
| 300 |
_axxiv, 520 pages : _bcolored illustrations ; _c26 cm. |
||
| 504 | _aIncludes bibliographical references, glossary, and index. | ||
| 650 | _aProduction management. | ||
| 650 | _aOperations management. | ||
| 942 |
_2lcc _cBK |
||
| 999 |
_c365924 _d365924 |
||